Management

Bibliographic Details
Main Author: Hodgetts, Richard M. (Author)
Format: Book
Published: Orlando : Academic Press , 1985
Edition:International ed.
Subjects:

MARC

LEADER 00000cam a2200000 7i4500
001 0000004945
005 20061022093000.0
008 021118n
020 |a 0123510589 
050 0 0 |a HD31   |b .H62 
090 0 0 |a HD31   |b .H62 
100 0 |a Hodgetts, Richard M. ,   |e author 
245 0 0 |a Management   |c Richard M. Hodgetts 
250 |a International ed. 
260 2 |a Orlando :   |b Academic Press ,   |c 1985 
300 |a 636 p. ; ;   |c 26 cm. 
500 |a Includes index 
650 0 |a Management 
999 |a 1000009176   |b Book   |c OPEN SHELF (30 DAYS)   |e Gong Badak Campus